| 000 | 02167cam a22004334i 4500 | ||
|---|---|---|---|
| 003 | PE-LiUPU | ||
| 005 | 20250731172940.0 | ||
| 008 | 150623s r 000 0 d | ||
| 035 | _a(Sirsi) a21012 | ||
| 040 |
_aPE-LiUPU _bspa _cPE-LiUPU _erda |
||
| 082 | 0 | 4 |
_a220.7 _bAB1996 _221 |
| 100 | 1 |
_aMoore, Carey A., _eautor. |
|
| 245 | 1 | 0 |
_aTobit : _ba new translation with introduction and commentary. _n40A / _cCarey A. Moore. |
| 264 | 1 |
_aNew York : _bDoubleday, _c1996. |
|
| 300 |
_a336 páginas : _bilustraciones mapas ; _c23 cm. |
||
| 336 |
_atext _2rdacontent |
||
| 337 |
_aunmediated _2rdamedia |
||
| 338 |
_avolume _2rdacarrier |
||
| 490 | 0 |
_aThe Anchor Bible ; _v40A |
|
| 504 | _aIncluye bibliografía. | ||
| 505 | 0 | _aIntroduction to the Book of Tobit (1:1-2). -Tobit's account of his life prior to his exile (1:3-9).- Tobit's early exile in Nineveh (1:10-22). - Blindness: Tobit's reward for doing a Charitable act (2:7-14).- In misery, Tobit prays for death(3:1-6). - Disguised as azariah, Raphael is hired to accompany tobiah (5:1-6:1). - En route to Ecbatana, Tobiah catches a fish and decides to marry Sarah, Sight unseen (6:2-18). - Tobiah's Marriage to Sarah is arraged (7:1-17). - Prayers offered before and after asmodeus is exorcized (8:1-18). -During the wedding feast, Raphael returns with the money and Gabal. - While Tobit and hannah worry, the newlyweds leave for nineveh (10:1-12). - Cured of blindness, Tobit address the israelites and Jerusalem. | |
| 526 | _aSEG42 | ||
| 526 | _aSEG41 | ||
| 526 | _aSEG40 | ||
| 526 | _aSEG39 | ||
| 526 | _aP94 | ||
| 526 | _aP87 | ||
| 526 | _aP86 | ||
| 526 | _aP85 | ||
| 526 | _aP77 | ||
| 526 | _aP76 | ||
| 526 | _aP35 | ||
| 630 |
_aBiblia. _pA.T. _pTobías _xComentarios. |
||
| 942 |
_2ddc _cBOOK |
||
| 949 |
_a220.7 AB 40A 1996 _wDEWEY _c1 _i44542 _lCCODEBUL1 _mBUL _p00.00 _r0 _sY _tBOOK _u2015-06-24 _xTEOLOGIA _PP35 _0COMPRA _o.STAFF. Colección General |
||
| 596 | _a1 | ||
| 999 |
_a220.7 AB 40A 1996 _wDEWEY _c21426 _i44542 _f2021-11-9 _g6 _lCCODEBUL1 _mBUL _r0 _sY _tBOOK _u2015-6-24 _xTEOLOGIA _PP35 _0COMPRA _o.STAFF. Colección General _d21426 |
||
| 980 |
_81 _gALBERTO SANCHEZ Responsable de Automatización |
||